[Event "SVK-ch Seniors"]
[Site "Tatranske Matliare"]
[Date "2012.06.09"]
[Round "9"]
[White "Karlik, Vladimir"]
[Black "Goc, Jan"]
[Result "1-0"]
[WhiteElo "2329"]
[BlackElo "1947"]
[PlyCount "51"]
[EventDate "2012.06.02"]
[EventType "swiss"]
[EventRounds "9"]
[EventCountry "SVK"]
[SourceTitle "EXT 2014"]
[Source "ChessBase"]
[SourceDate "2013.11.20"]
[SourceVersion "1"]
[SourceVersionDate "2013.11.20"]
[SourceQuality "1"]

1. d4 Nf6 2. Nf3 b6 3. Bg5 e6 4. e4 Be7 5. e5 Nd5 6. Bxe7 Qxe7 7. Qd2 c5 8. c4 Nb4 9. a3 N4a6 10. Nc3 0-0 11. d5 d6 12. dxe6 dxe5 13. exf7+ Qxf7 14. Bd3 Nc6 15. Be4 Rd8 16. Bd5 Rxd5 17. Qxd5 Bb7 18. Qxf7+ Kxf7 19. 0-0-0 Rb8 20. Nb5 Kf8 21. Rhe1 Re8 22. Nd6 Re7 23. Nxb7 Rxb7 24. Rd6 Nab8 25. Nxe5 Nd4 26. Rd8+ 1-0

[Event "Tatry op"]
[Site "Tatranske Zruby"]
[Date "2010.10.02"]
[Round "1"]
[White "Goc, Jan"]
[Black "Vohnout, Pavel"]
[Result "0-1"]
[WhiteElo "1976"]
[BlackElo "2041"]
[PlyCount "76"]
[EventDate "2010.10.02"]
[EventType "swiss"]
[EventRounds "9"]
[EventCountry "SVK"]
[SourceTitle "CBM 138 Extra"]
[Source "ChessBase"]
[SourceDate "2010.10.29"]
[SourceVersion "1"]
[SourceVersionDate "2010.10.29"]
[SourceQuality "1"]

1. f4 c5 2. Nf3 Nc6 3. e3 d5 4. Bb5 Bd7 5. b3 Nf6 6. Bb2 e6 7. 0-0 Bd6 8. Bxc6 Bxc6 9. Ne5 Qc7 10. d3 0-0-0 11. Nxc6 Qxc6 12. Qf3 Rhe8 13. c4 e5 14. Nc3 d4 15. Nb5 Qxf3 16. Rxf3 e4 17. dxe4 Rxe4 18. exd4 Bxf4 19. d5 a6 20. Nc3 Be3+ 21. Kf1 Re7 22. Re1 Ng4 23. Rh3 Rde8 24. Nd1 Bd2 25. Rxe7 Rxe7 26. g3 Re1+ 27. Kg2 Rxd1 28. Rxh7 f5 29. h3 Ne3+ 30. Kf3 Rh1 31. Bxg7 Rh2 32. Be5 Nc2 33. g4 Ne1+ 34. Kg3 Rg2+ 35. Kh4 Nf3+ 36. Kh5 Nxe5 37. Re7 Nd7 38. gxf5 Nf6+ 0-1

[Event "SVK-ch Seniors-A"]
[Site "Tatranske Matliare"]
[Date "2010.06.07"]
[Round "2"]
[White "Paulicka, Ivan"]
[Black "Goc, Jan"]
[Result "1/2-1/2"]
[WhiteElo "1783"]
[BlackElo "1977"]
[PlyCount "118"]
[EventDate "2010.06.06"]
[EventType "swiss"]
[EventRounds "9"]
[EventCountry "SVK"]
[SourceTitle "EXT 2023"]
[Source "ChessBase"]
[SourceDate "2022.10.05"]
[SourceVersion "1"]
[SourceVersionDate "2022.10.05"]
[SourceQuality "1"]

1. e4 Nf6 2. e5 Nd5 3. Nf3 Nb6 4. Nc3 c5 5. d4 cxd4 6. Nxd4 Nc6 7. Bf4 g6 8. a4 a5 9. Ncb5 Bg7 10. e6 d6 11. exf7+ Kxf7 12. Be3 Rf8 13. Nxc6 bxc6 14. Qf3+ Kg8 15. Qxc6 Rb8 16. c3 Be6 17. Be2 Bd5 18. Bxb6 Bxc6 19. Bxd8 Rbxd8 20. 0-0 Kh8 21. Rad1 Rf4 22. Ra1 Rb8 23. g3 Rf5 24. Rfe1 Rbf8 25. f4 Rc5 26. Rac1 e5 27. b4 axb4 28. cxb4 Rxc1 29. Rxc1 Bxb5 30. Bxb5 exf4 31. gxf4 Rxf4 32. Rc4 Bd4+ 33. Kg2 Kg7 34. h3 h5 35. Rc2 Be5 36. Rc4 Bd4 37. Bc6 h4 38. Bf3 Kf6 39. b5 Ke5 40. a5 Rf8 41. b6 d5 42. Rc6 Ra8 43. b7 Rb8 44. a6 g5 45. Bg4 Ba7 46. Bc8 d4 47. Kf1 Kd5 48. Rg6 Kc5 49. Rxg5+ Kb6 50. Rg6+ Ka5 51. Ke2 Bb6 52. Kd3 Kxa6 53. Rxb6+ Kxb6 54. Kxd4 Kc7 55. Ke4 Rxc8 56. bxc8Q+ Kxc8 57. Kf4 Kd7 58. Kg4 Ke6 59. Kxh4 Kf6 1/2-1/2

[Event "Tatry op"]
[Site "Tatranske Zruby"]
[Date "2009.09.30"]
[Round "5"]
[White "Banduka, Zeljko"]
[Black "Goc, Jan"]
[Result "1-0"]
[WhiteElo "2207"]
[BlackElo "2000"]
[PlyCount "95"]
[EventDate "2009.09.27"]
[EventType "swiss"]
[EventRounds "9"]
[EventCountry "SVK"]
[SourceTitle "EXT 2011"]
[Source "ChessBase"]
[SourceDate "2010.11.26"]
[SourceVersion "1"]
[SourceVersionDate "2010.11.26"]
[SourceQuality "1"]

1. d4 Nf6 2. g3 c5 3. d5 d6 4. c4 g6 5. Bg2 Bg7 6. Nf3 0-0 7. Nc3 Nbd7 8. 0-0 Nb6 9. Nd2 Ng4 10. Qc2 Ne5 11. b3 Bg4 12. h3 Bc8 13. Bb2 f5 14. e3 Bd7 15. Ne2 a5 16. a4 Rb8 17. Kh1 Na8 18. Nf4 Nc7 19. Qc3 Na6 20. Nf3 Bf6 21. Qd2 Nb4 22. Rad1 Qb6 23. h4 Nxf3 24. Bxf3 Rbe8 25. Kg2 Kg7 26. h5 Qd8 27. Rh1 Rh8 28. h6+ Kf7 29. e4 b6 30. Rde1 Qb8 31. exf5 Bxf5 32. g4 Bd7 33. g5 Bxg5 34. Bxh8 Rxh8 35. Qe2 Re8 36. Ne6 Bf6 37. Bg4 Qc8 38. Rh3 Kg8 39. Rf3 Be5 40. Qd2 Qb8 41. Re4 Kh8 42. Rf7 Bxe6 43. Bxe6 Bf6 44. Rf4 Rf8 45. Rxe7 Qd8 46. Rd7 Qb8 47. Rxf6 Rxf6 48. Qc3 1-0

[Event "SVK-ch Seniors-A"]
[Site "Tatranske Matliare"]
[Date "2009.??.??"]
[Round "9"]
[White "Lesny, Stefan"]
[Black "Goc, Jan"]
[Result "1/2-1/2"]
[WhiteElo "2097"]
[BlackElo "1983"]
[PlyCount "75"]
[EventDate "2009.05.31"]
[EventType "swiss"]
[EventRounds "9"]
[EventCountry "SVK"]
[SourceTitle "EXT 2023"]
[Source "ChessBase"]
[SourceDate "2022.10.05"]
[SourceVersion "1"]
[SourceVersionDate "2022.10.05"]
[SourceQuality "1"]

1. e4 d5 2. e5 Bf5 3. d3 Nc6 4. f4 e6 5. Nf3 Bc5 6. c3 a6 7. d4 Be7 8. Be2 Bh4+ 9. g3 Be7 10. Nbd2 Bh3 11. Nf1 Nh6 12. Ne3 Ng4 13. Nxg4 Bxg4 14. Bd3 g6 15. h3 Bxf3 16. Qxf3 h5 17. Bd2 b5 18. a3 Na5 19. b4 Nc4 20. Ke2 c6 21. a4 Kd7 22. a5 Kc7 23. Kd1 Nb2+ 24. Kc2 Nxd3 25. Kxd3 Qg8 26. Kc2 Qg7 27. Raf1 Kb7 28. Rh2 Rh6 29. Rfh1 Rah8 30. Qf2 Qg8 31. h4 Qg7 32. Qe3 Rf8 33. Be1 Rg8 34. Rg2 Rgh8 35. Qd2 Qh7 36. Qd3 Qg8 37. Bf2 R6h7 38. Be3 1/2-1/2

[Event "SVK-ch Seniors-A"]
[Site "Tatranske Matliare"]
[Date "2009.??.??"]
[Round "1"]
[White "Stefanides, Karol"]
[Black "Goc, Jan"]
[Result "0-1"]
[WhiteElo "1761"]
[BlackElo "1983"]
[PlyCount "104"]
[EventDate "2009.05.31"]
[EventType "swiss"]
[EventRounds "9"]
[EventCountry "SVK"]
[SourceTitle "EXT 2023"]
[Source "ChessBase"]
[SourceDate "2022.10.05"]
[SourceVersion "1"]
[SourceVersionDate "2022.10.05"]
[SourceQuality "1"]

1. c4 g6 2. d4 Bg7 3. g3 Nf6 4. Bg2 0-0 5. e3 d5 6. c5 Re8 7. Ne2 e5 8. 0-0 Bg4 9. dxe5 Rxe5 10. Qc2 c6 11. Nd4 Qd7 12. Nd2 Bh3 13. N2f3 Re8 14. Bd2 Bxg2 15. Kxg2 Ne4 16. a4 Na6 17. Rab1 Naxc5 18. Bb4 Ne6 19. Nxe6 Qxe6 20. Rbd1 Rac8 21. Ba3 Qg4 22. h3 Qh5 23. b3 Ng5 24. Nxg5 Qxg5 25. Bb2 Bxb2 26. Qxb2 Qe7 27. Qd2 Qc7 28. b4 a6 29. Kh2 h5 30. h4 Re4 31. Qc3 Rxh4+ 32. Kg2 Rc4 33. Qb3 Qe5 34. b5 axb5 35. axb5 Qe4+ 36. Kg1 Rb4 37. Qa2 Rxb5 38. Rd4 Qe8 39. Rfd1 Ra8 40. Qe2 Rba5 41. Qb2 Qc8 42. Rb4 Ra2 43. Qb1 b5 44. e4 dxe4 45. Qxe4 Ra1 46. Rdb1 Rxb1+ 47. Rxb1 Qe6 48. Qf3 Qf5 49. Qxf5 gxf5 50. Rc1 Ra6 51. Rc5 b4 52. Rc4 Rb6 0-1

[Event "SVK-ch Seniors-A"]
[Site "Tatranske Matliare"]
[Date "2009.??.??"]
[Round "3"]
[White "Zdrazil, Bohumir"]
[Black "Goc, Jan"]
[Result "1-0"]
[WhiteElo "1917"]
[BlackElo "1983"]
[PlyCount "91"]
[EventDate "2009.05.31"]
[EventType "swiss"]
[EventRounds "9"]
[EventCountry "SVK"]
[SourceTitle "EXT 2023"]
[Source "ChessBase"]
[SourceDate "2022.10.05"]
[SourceVersion "1"]
[SourceVersionDate "2022.10.05"]
[SourceQuality "1"]

1. e4 d5 2. exd5 Nf6 3. d4 Nxd5 4. c4 Nb6 5. Nc3 e5 6. dxe5 Qxd1+ 7. Nxd1 Nc6 8. f4 Bf5 9. Ne3 Bb4+ 10. Bd2 Bxd2+ 11. Kxd2 0-0-0+ 12. Ke1 Bd3 13. Nf3 Rhe8 14. Kf2 f6 15. exf6 gxf6 16. Rd1 Nb4 17. b3 Bxf1 18. Rxd8+ Kxd8 19. Nxf1 Nd3+ 20. Kg3 Rg8+ 21. Kh4 Rxg2 22. Rg1 Rxg1 23. Nxg1 Nxf4 24. Kg4 Nd3 25. Kh5 Nc1 26. Kh6 Nxa2 27. Kxh7 Ke7 28. Kg7 Nc1 29. h4 Nxb3 30. h5 Nd4 31. Ne3 Ne6+ 32. Kg8 Ng5 33. h6 Nd7 34. Nh3 Nf7 35. h7 Nde5 36. Nf4 a5 37. Ned5+ Kd6 38. Nxf6 c6 39. Nd3 Nh6+ 40. Kg7 Nef7 41. Ng4 Nh8 42. Nxh6 a4 43. Nf7+ Ke7 44. Nxh8 a3 45. Nc1 b5 46. Nf7 1-0

[Event "SVK-ch Seniors op"]
[Site "Tatranske Matliare"]
[Date "2007.06.13"]
[Round "6"]
[White "Svonavec, Stefan"]
[Black "Goc, Jan"]
[Result "1-0"]
[WhiteElo "2110"]
[BlackElo "2002"]
[PlyCount "173"]
[EventDate "2007.06.10"]
[EventType "swiss"]
[EventRounds "9"]
[EventCountry "SVK"]
[SourceTitle "EXT 2008"]
[Source "ChessBase"]
[SourceDate "2007.11.25"]
[SourceVersion "1"]
[SourceVersionDate "2007.11.25"]
[SourceQuality "1"]

1. d4 Nf6 2. c4 e6 3. Nc3 c5 4. e3 d5 5. Nf3 Nc6 6. Be2 Be7 7. 0-0 0-0 8. b3 cxd4 9. exd4 b6 10. Bg5 h6 11. Bh4 Bb7 12. Rc1 Rc8 13. cxd5 Nxd5 14. Bxe7 Ncxe7 15. Nxd5 Nxd5 16. Qd2 Qf6 17. Ne5 Qf4 18. Qb2 Rfd8 19. g3 Qg5 20. f4 Qe7 21. Bf3 Ne3 22. Rfe1 Bxf3 23. Nxf3 Nf5 24. Rc4 Qb7 25. Kf2 b5 26. Rxc8 Rxc8 27. Rc1 Rc7 28. Rc5 Nd6 29. Nd2 Rd7 30. Qc2 g6 31. Qd3 a6 32. b4 Qh1 33. Nf3 Qa1 34. Rc2 Nf5 35. Rd2 Kg7 36. g4 Ne7 37. Qe4 Rd5 38. Qc2 Nc6 39. Qxc6 Qb1 40. Qc3 Qe4 41. Qe3 Qb1 42. a3 h5 43. h3 Qh1 44. Ng1 hxg4 45. hxg4 Qh4+ 46. Qg3 Qd8 47. Ne2 a5 48. g5 Kf8 49. Qc3 axb4 50. axb4 Rf5 51. Ke1 Qa8 52. Kd1 Qh1+ 53. Kc2 Qe4+ 54. Kb2 Rd5 55. Qd3 Qh1 56. Nc3 Rd8 57. Qxb5 Ra8 58. Qc5+ Kg8 59. d5 Ra1 60. Rc2 Ra8 61. dxe6 Qa1+ 62. Kb3 Ra3+ 63. Kc4 Qf1+ 64. Ne2 fxe6 65. Qe5 Qb1 66. Qxe6+ Kh7 67. Qf7+ Kh8 68. Qf6+ Kh7 69. Qb2 Qd1 70. Rd2 Qa4 71. Qd4 Qa6+ 72. Kd5 Qb7+ 73. Ke5 Qe7+ 74. Kd5 Qb7+ 75. Kc5 Qa7+ 76. Kd6 Ra6+ 77. Kd5 Qf7+ 78. Ke4 Qf5+ 79. Kf3 Qh3+ 80. Ng3 Ra3+ 81. Rd3 Rxd3+ 82. Qxd3 Qe6 83. b5 Qb6 84. Qd7+ Kg8 85. Ne4 Qb8 86. b6 Kf8 87. Qd6+ 1-0

[Event "Tatry op"]
[Site "Tatranske Zruby"]
[Date "2006.09.30"]
[Round "9"]
[White "Goc, Jan"]
[Black "Kapusta, Petr"]
[Result "1-0"]
[WhiteElo "1979"]
[BlackElo "2144"]
[PlyCount "183"]
[EventDate "2006.09.23"]
[EventType "swiss"]
[EventRounds "9"]
[EventCountry "SVK"]
[SourceTitle "CBM 114 Extra"]
[Source "ChessBase"]
[SourceDate "2006.11.03"]
[SourceVersion "1"]
[SourceVersionDate "2006.11.03"]
[SourceQuality "1"]

1. f4 d5 2. e3 c5 3. b3 g6 4. Bb2 Nf6 5. Nf3 Bg7 6. Qc1 0-0 7. Nc3 a6 8. a4 Nc6 9. Ne2 Bf5 10. Ng3 Ne4 11. Bxg7 Kxg7 12. Qb2+ f6 13. Nxf5+ gxf5 14. d3 Qa5+ 15. Ke2 Nc3+ 16. Kf2 d4 17. exd4 Nxd4 18. Nxd4 cxd4 19. Be2 e5 20. Bh5 e4 21. Rhe1 Kh6 22. Be2 Qc7 23. g3 e3+ 24. Kg2 Rg8 25. Bf3 Qxf4 26. Qa3 Qe5 27. Qb4 Rg7 28. Rg1 Nd5 29. Qe1 Rc8 30. Rc1 Rc3 31. Kh1 Rgc7 32. g4 f4 33. Qh4+ Kg7 34. g5 f5 35. Qh6+ Kg8 36. g6 Nf6 37. gxh7+ Kh8 38. Qf8+ Kxh7 39. Rg5 Qe7 40. Qxe7+ Rxe7 41. Rxf5 Kg6 42. Rxf4 Kg5 43. Rxd4 e2 44. Re1 Rxc2 45. Kg2 Rc3 46. b4 Re3 47. h4+ Kf5 48. Bxb7 Rcxd3 49. Rxd3 Rxd3 50. Rxe2 Rd4 51. Bxa6 Rxb4 52. Bc8+ Kg6 53. a5 Rxh4 54. Ra2 Rh7 55. a6 Ra7 56. Kf3 Kf7 57. Kf4 Ke7 58. Rd2 Ne8 59. Ke5 Nf6 60. Rg2 Ne8 61. Rd2 Nf6 62. Rd1 Rc7 63. Bb7 Ng4+ 64. Kf4 Rc4+ 65. Kg5 Ra4 66. Bc8 Ne5 67. Kf5 Ra5 68. Ke4 Nc4 69. Rd7+ Ke8 70. Rd4 Nb6 71. Bb7 Nd7 72. Bc6 Rxa6 73. Bxd7+ Ke7 74. Bf5 Ra5 75. Kf4 Kf6 76. Rd6+ Ke7 77. Rb6 Kf7 78. Kg5 Ke7 79. Re6+ Kf7 80. Re4 Rc5 81. Ra4 Ke7 82. Ra6 Kf7 83. Ra7+ Ke8 84. Kf6 Rc6+ 85. Be6 Kd8 86. Rd7+ Kc8 87. Ke5 Kb8 88. Bd5 Rc1 89. Rb7+ Kc8 90. Ra7 Rb1 91. Rh7 Kb8 92. Rh8+ 1-0

[Event "Tatry op"]
[Site "Tatranske Zruby"]
[Date "2006.09.29"]
[Round "8"]
[White "Pechacek, Stanislav"]
[Black "Goc, Jan"]
[Result "1-0"]
[WhiteElo "2142"]
[BlackElo "1979"]
[PlyCount "89"]
[EventDate "2006.09.23"]
[EventType "swiss"]
[EventRounds "9"]
[EventCountry "SVK"]
[SourceTitle "CBM 114 Extra"]
[Source "ChessBase"]
[SourceDate "2006.11.03"]
[SourceVersion "1"]
[SourceVersionDate "2006.11.03"]
[SourceQuality "1"]

1. Nf3 Nf6 2. c4 c5 3. Nc3 Nc6 4. d4 cxd4 5. Nxd4 g6 6. e4 Bg7 7. Be3 0-0 8. Be2 d6 9. 0-0 Ne5 10. f3 Be6 11. b3 a6 12. Qd2 Qa5 13. Nd5 Qd8 14. Rac1 Rc8 15. Rfd1 Bxd5 16. cxd5 Qd7 17. Nc2 Qd8 18. Qb4 Qd7 19. a4 Rc7 20. Bb6 Rcc8 21. f4 Neg4 22. h3 Nh6 23. Bf3 Nh5 24. Bxh5 gxh5 25. Bd4 Rc7 26. Bxg7 Kxg7 27. Qd4+ f6 28. Qe3 Rfc8 29. Nd4 Rxc1 30. Rxc1 Rxc1+ 31. Qxc1 Nf7 32. Ne6+ Kh8 33. Qd1 Nd8 34. Nxd8 Qxd8 35. Qxh5 Kg7 36. Kh2 Qc8 37. Qg4+ Qxg4 38. hxg4 h6 39. Kg3 Kf7 40. Kh4 Kg6 41. a5 Kh7 42. Kh5 Kg7 43. g5 hxg5 44. fxg5 fxg5 45. Kxg5 1-0

[Event "Tatry op"]
[Site "Tatranske Zruby"]
[Date "2006.09.28"]
[Round "7"]
[White "Goc, Jan"]
[Black "Skapikova, Lubica"]
[Result "1-0"]
[WhiteElo "1979"]
[BlackElo "2066"]
[PlyCount "115"]
[EventDate "2006.09.23"]
[EventType "swiss"]
[EventRounds "9"]
[EventCountry "SVK"]
[SourceTitle "CBM 114 Extra"]
[Source "ChessBase"]
[SourceDate "2006.11.03"]
[SourceVersion "1"]
[SourceVersionDate "2006.11.03"]
[SourceQuality "1"]

1. f4 d5 2. e3 Nf6 3. Nc3 c6 4. b3 g6 5. Bb2 Bg7 6. Nf3 Bg4 7. Be2 0-0 8. 0-0 Qc7 9. Qc1 Re8 10. Nd1 Nbd7 11. Nf2 Bxf3 12. Bxf3 e5 13. fxe5 Nxe5 14. Nd3 Neg4 15. g3 h5 16. Bxf6 Nxf6 17. c3 Nh7 18. Qe1 Re7 19. Qf2 Rae8 20. Rae1 Ng5 21. Bg2 Qa5 22. a4 Qb6 23. b4 Qa6 24. Nc5 Qc4 25. Qf4 Qxf4 26. gxf4 Ne6 27. Nd3 Nc7 28. f5 Be5 29. Nc5 b6 30. Nd3 g5 31. Ra1 f6 32. Bf3 g4 33. Be2 Rg7 34. Kg2 h4 35. Nxe5 Rxe5 36. Rf4 Re4 37. Raf1 Rxf4 38. Rxf4 g3 39. Rxh4 gxh2+ 40. Kxh2 Kf7 41. Bh5+ Ke7 42. Bg6 Kd6 43. Kg3 c5 44. b5 Ke7 45. Rh8 Kd6 46. Rd8+ Ke7 47. Rb8 Kd6 48. Kf4 d4 49. c4 dxe3 50. dxe3 Kd7 51. e4 Ke7 52. Rc8 Kd7 53. Rh8 Ke7 54. e5 Ne6+ 55. Ke3 Nd4 56. Re8+ Kd7 57. Ra8 Ke7 58. Rxa7+ 1-0